000 00705nam a22001817a 4500
999 _c17526
_d17526
003 AR-CdUCM
008 190508b ||||| |||| 00| 0 spa d
040 _aMUNICIPALIDAD PROVINCIAL DEL CUSCO
_cBIBLIOTECA MUNICIPAL DEL CUSCO
082 _a320 /
_bA44
100 _aAlthusser, Louis
_937035
245 _aMontesquieu :
_bLa política y la historia /
260 _aBarcelona :
_bAriel,
_c1974.
300 _a150 páginas ;
_c19 cm.
505 _aContenido : Una revolución en el método -- Una nueva teoría de la ley -- La dialéctica de la historia -- Hay tres gobiernos -- El mito de la separación de los poderes ...
650 _aPolítica.
_9291
942 _2ddc
_cLIBROS
945 _arum
_d2019-05-08